Normal view
MARC view
Entry Personal Name
001 - CONTROL NUMBER
- control field: 34738
003 - CONTROL NUMBER IDENTIFIER
- control field: ARRUPE
005 - DATE AND TIME OF LATEST TRANSACTION
- control field: 20170811114203.0
008 - FIXED-LENGTH DATA ELEMENTS
- fixed length control field: 170811|| aca||aabn | a|a d
040 ## - CATALOGING SOURCE
- Original cataloging agency: ARRUPE
- Transcribing agency: ARRUPE
100 ## - HEADING--PERSONAL NAME
- Personal name: McCloskey, H. J.
- Fuller form of name: (Henry John),
- Dates associated with a name: 1925-
670 ## - SOURCE DATA FOUND
- Source citation: Work cat.: (ARRUPE)0: McCloskey, H. J. (Henry John), 1925-, Ecological ethics and politics /, 1983.